000
00460nam a2200133Ia 4500
008
100328s9999 xx 000 0 und d
082
_b
73502
100
_a
केळकर सु.वि.
245
_a
भक्तीचा दीपस्तंभ.
260
_b
विभासा पुस्तक महाल.
630
_a
भक्तीचा दीपस्तंभ.
730
_a
भक्तीचा दीपस्तंभ.
942
_c
BOOK
999
_c
559223
_d
559220